Writing for children /

Bibliographic Details
Main Author: Berry, Erick, 1892-1974
Other Authors: Best, Herbert, 1894-1981
Format: Book
Language:English
Published: Coral Gables, Fla. : University of Miami Press, 1964.
Edition:[2d ed.].
Subjects:

MARC

Tag First Indicator Second Indicator Subfields
LEADER 00000cam a2200000 4500
001 in00000036496
005 20151007060904.0
008 750527s1964 flu 00010 eng u
010 |a  64022746  
035 |a (OCoLC)01356895 
035 |9 AAD0487AM 
040 |c ORL  |d TXA  |d UtOrBLW 
049 |a TXAM  |c [450510] 
050 0 |a PN3377  |b .B4 1964 
082 0 |a 808.0683 
092 |a 808.068  |b  B561w, 1964 
100 1 |a Berry, Erick,  |d 1892-1974. 
245 1 0 |a Writing for children /  |c by Erick Berry & Herbert Best. Illustrated by Erick Berry. 
250 |a [2d ed.]. 
264 1 |a Coral Gables, Fla. :  |b University of Miami Press,  |c 1964. 
300 |a ix, 159 pages :  |b illustrations ;  |c 24 cm. 
336 |a text  |b txt  |2 rdacontent 
337 |a unmediated  |b n  |2 rdamedia 
338 |a volume  |b nc  |2 rdacarrier 
650 0 |a Children's stories  |x Technique. 
700 1 |a Best, Herbert,  |d 1894-1981. 
999 |a MARS 
999 f f |s 8dcc0a89-58e6-3a17-893b-dd16869a8d13  |i dcca30f6-e296-34c4-9470-85f75f3184a2  |t 0 
952 f f |p ric  |a Texas A&M University  |b Rellis Campus  |c Joint Library Facility  |d Remote Storage  |t 0  |e PN3377 .B4 1964  |h Library of Congress classification  |i unmediated -- volume  |m A14801195936 
998 f f |a PN3377 .B4 1964  |t 0  |l Remote Storage